000 00965cam a22002054a 4500
005 20250605163948.0
008 250528s ||||||||||||||||||||||||d
035 _a15281
020 _a412341107
040 _aGR-AtMCL
_bgre
_dGR-AtMCL
_eAACR2
245 1 _aManagement and Cost Accounting / Second Edition
250 _a2nd
260 _bChapman & Hall,
_c1988
300 _a860
520 _aThis book is geared specifically to the contemporary British Business and Examination environment. Preface, Introduction to Management and Cost Accounting, Cost Accumulation for Stock Valuation and Profit Management, Information for Decision-Making, Information for Planning and Control, The Application of Quantitative Methods to Management Accounting, Divisional Performance Evaluation, Past and Current and Future Developments in Management Accounting, Appendices, Index.
700 1 _aDrury Colin
_91174
942 _cBK
999 _c872
_d872